【プロ野球】2025年の埼玉西武ライオンズの選手 - Statistics

General Stats
  • This quiz has been taken 12 times
  • The average score is 57 of 70
Answer Stats
背番号 Answer % Correct
34 甲斐野央
100%
61 平良海馬
100%
0 児玉亮涼
100%
51 西川愛也
100%
11 上田大河
90%
12 渡邉勇太朗
90%
13 髙橋光成
90%
15 與座海人
90%
16 隅田知一郎
90%
17 松本航
90%
20 田村伊知郎
90%
21 武内夏暉
90%
36 山田陽翔
90%
45 ウィンゲンター
90%
48 今井達也
90%
54 黒木優太
90%
56 ラミレス
90%
58 中村祐太
90%
71 菅井信也
90%
22 古賀悠斗
90%
27 炭谷銀仁朗
90%
00 仲田慶介
90%
5 外崎修汰
90%
6 源田壮亮
90%
60 中村剛也
90%
62 滝澤夏央
90%
66 渡部健人
90%
1 栗山巧
90%
8 渡部聖弥
90%
9 蛭間拓哉
90%
26 ネビン
90%
63 長谷川信哉
90%
19 佐藤隼輔
80%
23 糸川亮太
80%
29 青山美夏人
80%
42 ボー・タカハシ
80%
52 篠原響
80%
57 黒田将矢
80%
69 水上由伸
80%
37 柘植世那
80%
2 齋藤大翔
80%
39 平沢大河
80%
40 セデーニョ
80%
67 野村大樹
80%
99 村田怜音
80%
35 松原聖弥
80%
68 岸潤一郎
80%
41 成田晴風
70%
43 羽田慎之介
70%
46 狩生聖真
70%
47 杉山遙希
70%
49 佐々木健
70%
70 豆田泰志
70%
53 牧野翔矢
70%
65 古市尊
70%
10 デービス
70%
30 元山飛優
70%
38 佐藤太陽
70%
50 髙松渡
70%
59 古賀輝希
70%
31 平沼翔太
70%
55 仲三河優太
70%
73 モンテル
70%
90 浜屋将太
60%
64 龍山暖
60%
32 山村崇嘉
60%
33 古川雄大
60%
44 林冠臣
60%
75 奥村光一
60%
25 平井克典
50%
No matching quizzes found
Score Distribution
Percent of People with Each Score
Percentile by Number Answered
Your Score History
You have not taken this quiz